| 000 | 00427nam a2200169Ia 4500 | ||
|---|---|---|---|
| 008 | 130318s9999 xx 000 0 und d | ||
| 020 | _a9788131716250 | ||
| 082 | _a005.74 ELM/F;3 | ||
| 100 | _aElmasri, Ramez | ||
| 245 | _aFundamentals of database systems | ||
| 250 | _a5 | ||
| 260 |
_bPearson Education _aNoida _c2007 |
||
| 300 | _a1143 | ||
| 650 | _aDATABASES | ||
| 650 | _aSQL PROGRAMMING | ||
| 700 | _aNavathe, Shamkant B | ||
| 999 |
_c2042 _d2042 |
||